<?xml version="1.0" encoding="UTF-8"?>
<record
    xmlns:xsi="http://www.w3.org/2001/XMLSchema-instance"
    xsi:schemaLocation="http://www.loc.gov/MARC21/slim http://www.loc.gov/standards/marcxml/schema/MARC21slim.xsd"
    xmlns="http://www.loc.gov/MARC21/slim">

  <leader>01514nam a22001577a 4500</leader>
  <controlfield tag="003">NUST</controlfield>
  <datafield tag="020" ind1=" " ind2=" ">
    <subfield code="a">8131521869</subfield>
  </datafield>
  <datafield tag="082" ind1=" " ind2=" ">
    <subfield code="a">620.0011,KHI</subfield>
  </datafield>
  <datafield tag="100" ind1=" " ind2=" ">
    <subfield code="a">Khisty, C. Jotin</subfield>
    <subfield code="9">44306</subfield>
  </datafield>
  <datafield tag="245" ind1=" " ind2=" ">
    <subfield code="a">Systems engineering :</subfield>
    <subfield code="b">with Economics, Probability and statistics /</subfield>
    <subfield code="c">Khisty, C. Jotin</subfield>
  </datafield>
  <datafield tag="250" ind1=" " ind2=" ">
    <subfield code="a">2nd Edition</subfield>
  </datafield>
  <datafield tag="260" ind1=" " ind2=" ">
    <subfield code="a">Cengage Learning</subfield>
    <subfield code="b">New Delhi</subfield>
    <subfield code="c">2012</subfield>
  </datafield>
  <datafield tag="300" ind1=" " ind2=" ">
    <subfield code="a">xix, 599 p</subfield>
  </datafield>
  <datafield tag="505" ind1=" " ind2=" ">
    <subfield code="a">Mapping the terrain of the systems approach (Page-1), Problem solving and designing in engineering and planning (Page-15), Basic engineering economics and evaluation (Page-37), Basic microeconomics for engineers and planners (Page-83), Principles of probability: Part I&#x2014;Review of probability theory (Page-117), Principles of probability: Part II&#x2014;Random variables and probability distributions (Page-145), Principles of probability: Part III&#x2014;Joint probability functions and correlated variables (Page-175), Pprinciples of statistics: Part I&#x2014;estimation of statistical parameters and testing validity of distribution functions (Page-219), Principles of statistics: Part II&#x2014;hypothesis testing, analysis of variance, regression, and correlation analysis (Page-265),
Basic hard systems engineering: Part-I (Page-325), Basic hard systems engineering: Part-II (Page-395), Systems thinking (Page-461), Systems thinking: case studies (Page-487), Sustainable development, sustainability, engineering and planning (Page-523), Case studies in engineering and planning for sustainability (Page-545),</subfield>
  </datafield>
  <datafield tag="942" ind1=" " ind2=" ">
    <subfield code="2">ddc</subfield>
    <subfield code="c">BK</subfield>
  </datafield>
  <datafield tag="999" ind1=" " ind2=" ">
    <subfield code="c">591892</subfield>
    <subfield code="d">591892</subfield>
  </datafield>
  <datafield tag="952" ind1=" " ind2=" ">
    <subfield code="0">0</subfield>
    <subfield code="1">0</subfield>
    <subfield code="2">ddc</subfield>
    <subfield code="4">0</subfield>
    <subfield code="7">0</subfield>
    <subfield code="a">MCS</subfield>
    <subfield code="b">MCS</subfield>
    <subfield code="c">GEN</subfield>
    <subfield code="d">2022-10-18</subfield>
    <subfield code="l">0</subfield>
    <subfield code="o">620.0011,KHI</subfield>
    <subfield code="p">MCS37724</subfield>
    <subfield code="r">2022-10-18</subfield>
    <subfield code="w">2022-10-18</subfield>
    <subfield code="y">BK</subfield>
    <subfield code="z">Almirah No.26, Shelf No.5</subfield>
  </datafield>
</record>
